Jangan berputus asa : terapi mengatasi kebosanan

Bibliographic Details
Other Authors: Hamdan Lutfi
Format: Book
Published: Kuala Lumpur : Jasmin , 2005
Subjects:

MARC

LEADER 00000cam a2200000 7i4500
001 0000003557
005 20060621.0
020 0 0 |a 983342323X 
090 0 0 |a 297.22   |b JAN 
245 1 0 |a Jangan berputus asa :   |b terapi mengatasi kebosanan   |c penyusun Hamdan Lutfi 
260 0 0 |a Kuala Lumpur :   |b Jasmin ,   |c 2005 
300 |a xiv, 578ms. ;   |c 22cm. 
500 0 0 |a Mengandungi ayat-ayat dari Quran 
500 0 0 |a Mengandungi soalan 
650 0 0 |a Faith (Islam) \x Psychology 
650 0 0 |a Repentance \x Islam 
650 0 0 |a Sin (Islam) 
700 1 1 |a Hamdan Lutfi 
999 |a 0000006904   |b Monograph   |c Open Shelf   |e Default branch